The Journal of Developing Areas

Gespeichert in:
Bibliographische Detailangaben
Format: Schriftenreihe
Sprache:Englisch
Veröffentlicht: Nashville College of Business Tennessee State University
Schlagworte:
Tags: Tag hinzufügen
Keine Tags, Fügen Sie das erste Tag hinzu!

MARC

LEADER 00000nas1a2200000 4500
001 s125088
005 20250717112531.5
022 |a 0022-037X 
022 |a 1548-2278 
041 0 |a eng 
044 |a US 
245 1 0 |a The Journal of Developing Areas 
264 1 |a Nashville  |b College of Business Tennessee State University 
610 2 0 |a krajiny rozvojové 
610 2 0 |a vývoj hospodársky